ශාස්ත්රීය බුද්ධ ප්රතිමා මානක විධි සහිත බුද්ධ ප්රතිමා නිර්මාණ කලාව;බුද්ධ ප්රතිමා නිර්මාණය කිරීමේ දී භාවිත මානක ක්රම,මුද්රා,ආසන,ඉරියව්,රූප භේද,ෂඩංග ආදී වූ ප්රතිමා නිර්මාණ කලාවේ පවතින ශාස්ත්රීය පසුබිමත්,ඓතිහාසික තොරතුරක් විග්රහ කරන සංක්ෂිප්තයකි (Record no. 143618)
[ view plain ]
| 000 -LEADER | |
|---|---|
| fixed length control field | 01200nam a2200181 4500 |
| 003 - CONTROL NUMBER IDENTIFIER | |
| control field | LK-CoDNM |
| 005 - DATE AND TIME OF LATEST TRANSACTION | |
| control field | 20231123120314.0 |
| 008 - FIXED-LENGTH DATA ELEMENTS--GENERAL INFORMATION | |
| fixed length control field | 231123b |||||||| |||| 00| 0 eng d |
| 020 ## - INTERNATIONAL STANDARD BOOK NUMBER | |
| International Standard Book Number | 9789557423043 |
| 040 ## - CATALOGING SOURCE | |
| Original cataloging agency | LK-CoDNM |
| Modifying agency | LK-CoDNM |
| Description conventions | LK-CoDNM |
| 041 ## - LANGUAGE CODE | |
| Language code of text/sound track or separate title | Sinhala; Sinhalese |
| 080 ## - UNIVERSAL DECIMAL CLASSIFICATION NUMBER | |
| Universal Decimal Classification number | 73 |
| Item number | කෝට්ට |
| 942 ## - ADDED ENTRY ELEMENTS (KOHA) | |
| Koha item type | Books |
| 100 ## - MAIN ENTRY--PERSONAL NAME | |
| Personal name | කෝට්ටගොඩ,ජයසේන |
| Personal name (Transliterated) | Kottagoda,jayasena |
| 245 ## - TITLE STATEMENT | |
| Title | ශාස්ත්රීය බුද්ධ ප්රතිමා මානක විධි සහිත බුද්ධ ප්රතිමා නිර්මාණ කලාව;බුද්ධ ප්රතිමා නිර්මාණය කිරීමේ දී භාවිත මානක ක්රම,මුද්රා,ආසන,ඉරියව්,රූප භේද,ෂඩංග ආදී වූ ප්රතිමා නිර්මාණ කලාවේ පවතින ශාස්ත්රීය පසුබිමත්,ඓතිහාසික තොරතුරක් විග්රහ කරන සංක්ෂිප්තයකි |
| 260 ## - PUBLICATION, DISTRIBUTION, ETC. (IMPRINT) | |
| Place of publication, distribution, etc. | Colombo |
| Name of publisher, distributor, etc. | ශ්රී ලංකා කලා මණ්ඩලය |
| Date of publication, distribution, etc. | 2012 |
| 300 ## - PHYSICAL DESCRIPTION | |
| Extent | 25p;28cm |
| Withdrawn status | Lost status | Damaged status | Not for loan | Permanent Location | Current Location | Date acquired | Full call number | Barcode | Koha item type |
|---|---|---|---|---|---|---|---|---|---|
| Library National Museum Colombo - Sri Lanka | Library National Museum Colombo - Sri Lanka | 2023-11-23 | 73 කෝට්ට | p45048 | Books |


